000 01435nab a22002417a 4500
999 _c5988
_d5988
003 OSt
005 20260115182358.0
008 190605e xxu||||| |||| 00| 0 spa d
040 _cPJ
100 _96157
_aLanchini, Matías F.
245 1 3 _aEl empleo público como parte del derecho del trabajo. La "doble indemnización" en el empleo público /
_cMatías F. Lanchini.
260 _aCiudad Autónoma de Buenos Aires :
_bThomson Reuters La Ley,
_c2022.
300 _ap. 94-102
500 _aCita: TR LALEY AR/DOC/3160/2022.
505 _aSumario: I. El empleo público y el derecho del trabajo.— II. El empleo público y las relaciones colectivas de trabajo.— III. La aplicación de la ley 20.744 en el empleo público. La cuestión de la estabilidad absoluta.— IV. La "doble indemnización".— V. La irrazonable exclusión de la doble indemnización en el empleo público.
505 _aFallo comentado: CNTrab., sala VI ~ 27/04/2022 ~ Razzetti, Néstor c. Administración de Infraestructuras Ferroviarias Sociedad del Estado s/ despido.
505 _t¿Te interesa el texto completo? Solicitalo al correo: koha@justierradelfuego.gov.ar
650 0 _91316
_aDERECHO LABORAL
650 0 _9938
_aEMPLEO PUBLICO
650 0 _91382
_aINDEMNIZACION
773 0 _02711
_93168
_dCiudad Autónoma de Buenos Aires : Thomson Reuters La Ley, 1999-2002.
_tRevista de derecho del trabajo. Nº 6 - Noviembre 2022
942 _2udc
_cANA